| 000 | 00497nam a2200169Ia 4500 | ||
|---|---|---|---|
| 008 | 090201s9999 xx 000 0 und d | ||
| 010 | _aKPL-37134 | ||
| 040 | _bमराठी | ||
| 041 | _aमराठी | ||
| 082 |
_a13633 _b37134 |
||
| 100 | _aबियन चव्हाण | ||
| 245 |
_aव्यत्यय _cबियन चव्हाण |
||
| 260 |
_c2004 _bसरस प्रकाशन |
||
| 300 |
_a188 _bमोठा |
||
| 600 | _aव्यत्यय | ||
| 942 | _cBOOK | ||
| 999 |
_c213828 _d213828 |
||